Emmy - Drama Supporting Actor Quiz Stats

 Plays Quiz Updated Sep 17, 2017

Challenge
Share
Tweet
Embed
Score 0/54 Timer 07:00
0 Plays Today
Year Actor % Correct
2015Peter Dinklage
78.8%
2014Aaron Paul
76.8%
2012Aaron Paul
75.6%
2010Aaron Paul
75.3%
2011Peter Dinklage
71%
2017John Lithgow
52%
2005William Shatner
49.9%
1993Chad Lowe
44.2%
1990Jimmy Smits
42.3%
2001Bradley Whitford
42.1%
2007Terry O'Quinn
38%
2016Ben Mendelsohn
37.2%
2002John Spencer
32.9%
2004Michael Imperioli
32.2%
2000Richard Schiff
30.4%
2009Michael Emerson
30.4%
2006Alan Alda
28.1%
2013Bobby Cannavale
24.7%
1985Edward James Olmos
20.8%
1991Timothy Busfield
20.8%
1994Fyvush Finkel
19.9%
1987John Hillerman
18%
1995Ray Walston
17.3%
1996Ray Walston
17.3%
1970James Brolin
16.9%
2003Joe Pantoliano
16.5%
1975Will Geer
15.8%
Year Actor % Correct
2008Zeljko Ivanek
15.6%
1988Larry Drake
14.9%
1989Larry Drake
14.9%
1992Richard A. Dysart
13.8%
1959Dennis Weaver
13.7%
1997Hector Elizondo
12.8%
1981Michael Conrad
11.9%
1982Michael Conrad
11.9%
1984Bruce Weitz
11.4%
1999Michael Badalucco
11.4%
1979Stuart Margolin
10.5%
1980Stuart Margolin
10.5%
1998Gordon Clapp
10.4%
1968Milburn Stone
10.3%
1972Jack Warden
8.6%
1983James Coco
7.7%
1986John Karlen
7.3%
1974Michael Moriarty
7.1%
1977Gary Frank
7.1%
1966James Daly
7%
1976Anthony Zerbe
6.4%
1967Eli Wallach
6.3%
1973Scott Jacoby
6.1%
1978Robert Vaughn
5.9%
1971David Burns
5.1%
1961Roddy McDowall
4.6%
1964Albert Paulsen
4.4%

You're not logged in!

Compare scores with friends on all Sporcle quizzes.
Join for Free
OR
Log In

You Might Also Like...

Show Comments

Extras

Top Quizzes Today


Score Distribution

Your Account Isn't Verified!

In order to create a playlist on Sporcle, you need to verify the email address you used during registration. Go to your Sporcle Settings to finish the process.

Report this User

Report this user for behavior that violates our Community Guidelines.

Details: